Τα πρώτα μου τραγούδια : ανθολογία παιδικών τραγουδιών : 318 τραγούδια - χοροί - ρυθμικά για νήπια και μικρές τάξεις δημοτικού σχολείου
Αποθηκεύτηκε σε:
| Κύριος συγγραφέας: | |
|---|---|
| Μορφή: | Βιβλίο |
| Γλώσσα: | Greek |
| Δημοσίευση: |
Αθήνα :
[χ.ό.],
1981
|
| Έκδοση: | 3η έκδ. |
| Θέματα: | |
| Ετικέτες: |
Προσθήκη ετικέτας
Δεν υπάρχουν, Καταχωρήστε ετικέτα πρώτοι!
|
MARC
| LEADER | 00000cam a2200000 i 4500 | ||
|---|---|---|---|
| 001 | 1/50847 | ||
| 008 | 040311s1981 gre d | ||
| 035 | |l 10072652 | ||
| 040 | |a GR-MY-UA |b gre |e aacr | ||
| 041 | 0 | |a gre | |
| 082 | 0 | |a 782.42083 |2 (22) | |
| 100 | 1 | |a Καψάσκη-Μακρή, Αγγελική Σ. | |
| 245 | 1 | 3 | |a Τα πρώτα μου τραγούδια : |b ανθολογία παιδικών τραγουδιών : 318 τραγούδια - χοροί - ρυθμικά για νήπια και μικρές τάξεις δημοτικού σχολείου / |c Αγγελικής Καψάσκη-Λάμπρου |
| 250 | |a 3η έκδ. | ||
| 260 | |a Αθήνα : |b [χ.ό.], |c 1981 | ||
| 300 | |a 349 σ.; |c 24 εκ. | ||
| 500 | |a Το αντίτυπο με αριθμό εισαγωγής 122664 είναι δεμένο με: Θεατρικές σχολικές παραστάσεις: για όλες τις σχολικές γιορτές / Βασ. Γ. Χαρωνίτη. - Μουσική: στοιχεία θεωρίας, αρμονίας, μορφολογίας, οργανογνωσίας και ιστορίας της μουσικής / Γιάννη Ιωαννίδη. - Σχολική μουσική: νέον σύστημα διδασκαλίας: "η αυτενέργεια στη μουσική" σχολικά τραγούδια / Απ. Χ. Ζυγούρης. - Σχολικά τραγούδια: μελωδικαί ασκήσεις / Αποστ. Ζυγούρη. - Μουσική: θεωρία - σολφέζ - τραγούδια / Θάνου Ερμηλίου | ||
| 650 | 0 | 0 | |a Children's songs. |
| 852 | |a INST |b RHODES |c AKA |e 20040311 |h 782.42083 ΚΑΨ |p 005400019478 |q 005400019478 |t BK |y 0 | ||
| 852 | |a INST |b RHODES |c AKA |e 20081020 |h 782.42083 ΚΑΨ |p 005400030947 |q 005400030947 |t BK |y 0 | ||
| 852 | |a INST |b RHODES |c KRI |e 20060504 |h 792.0226 ΧΑΡ |p 005400020919 |q 005400020919 |t BK |y 0 | ||
| 901 | |a BIBL4-2004-1 | ||
| 909 | |a Ρ |b 105278 | ||
| 909 | |a Ρ |b 122664 | ||
| 909 | |a Ρ |b 153405 | ||
| 920 | |a Ακαδημία Ρόδου |y Ρόδος |z 2004-03 | ||
| 970 | |a Κουλακιότη |b Λίτσα |z 2004/03/11 | ||